|
|
|
|
| LEADER |
00000nam0a2200000 4500 |
| 001 |
194990 |
| 005 |
20231101224606.0 |
| 010 |
|
|
|a 9785769556487
|
| 035 |
|
|
|a (RuTPU)RU\TPU\book\212669
|
| 035 |
|
|
|a RU\TPU\book\76617
|
| 035 |
|
|
|a RU\TPU\book\152282
|
| 090 |
|
|
|a 194990
|
| 100 |
|
|
|a 20041227d2008 m y0rusy50 ca
|
| 101 |
0 |
|
|a rus
|
| 102 |
|
|
|a RU
|
| 105 |
|
|
|a y j 001zy
|
| 200 |
1 |
|
|a Безопасность в чрезвычайных ситуациях
|e учебник для вузов
|f Б. С. Мастрюков
|
| 205 |
|
|
|a 5-е изд., стер.
|
| 210 |
|
|
|a Москва
|c Академия
|d 2008
|
| 215 |
|
|
|a 334 с.
|
| 225 |
1 |
|
|a Высшее профессиональное образование. Безопасность жизнедеятельности
|
| 320 |
|
|
|a Библиогр.: с. 330-331.
|
| 320 |
|
|
|a Условные обозначения и сокращения: с. 3-4.
|
| 330 |
|
|
|a Рассмотрены проблемы предупреждения, возникновения и ликвидации последствий природных и техногенных чрезвычайных ситуаций (ЧС) в условиях мирного и военного времени, а также вопросы государственного регулирования в области защиты населения и территорий от ЧС. Последовательно изложены вопросы идентификации негативных факторов и их источников; прогнозирования и оценки возможных последствий аварий и катастроф природного и антропогенного характера. Для студентов высших учебных заведений.
|
| 451 |
|
1 |
|0 (RuTPU)RU\TPU\book\152282
|y 5-7695-3610-1
|t Безопасность в чрезвычайных ситуациях
|o учебник для вузов
|f Б. С. Мастрюков
|e 4-е изд., стер.
|c М.
|n Академия
|d 2007
|p 334 с.
|s Высшее профессиональное образование. Безопасность жизнедеятельности
|a Мастрюков, Борис Степанович
|
| 606 |
1 |
|
|a Чрезвычайные ситуации
|2 stltpush
|3 (RuTPU)RU\TPU\subj\37291
|9 58373
|
| 610 |
1 |
|
|a человек
|
| 610 |
1 |
|
|a среда обитания
|
| 610 |
1 |
|
|a природные чрезвычайные ситуации
|
| 610 |
1 |
|
|a взрывы
|
| 610 |
1 |
|
|a пожары
|
| 610 |
1 |
|
|a токсические вещества
|
| 610 |
1 |
|
|a землетрясения
|
| 610 |
1 |
|
|a цунами
|
| 610 |
1 |
|
|a оползни
|
| 610 |
1 |
|
|a наводнения
|
| 610 |
1 |
|
|a ураганы
|
| 610 |
1 |
|
|a радиоактивные вещества
|
| 610 |
1 |
|
|a гидротехнические аварии
|
| 610 |
1 |
|
|a мирное время
|
| 610 |
1 |
|
|a военное время
|
| 610 |
1 |
|
|a ядерное оружие
|
| 610 |
1 |
|
|a бактериологическое оружие
|
| 610 |
1 |
|
|a оружие массового поражения
|
| 610 |
1 |
|
|a объекты экономики
|
| 610 |
1 |
|
|a население
|
| 610 |
1 |
|
|a защита
|
| 610 |
1 |
|
|a государственное регулирование
|
| 610 |
1 |
|
|a гражданская защита
|
| 610 |
1 |
|
|a территории
|
| 610 |
1 |
|
|a риски
|
| 610 |
1 |
|
|a негативные факторы
|
| 610 |
1 |
|
|a экономические методы
|
| 610 |
1 |
|
|a Россия
|
| 610 |
1 |
|
|a терроризм
|
| 610 |
1 |
|
|a химическое оружие
|
| 610 |
1 |
|
|a учебники
|
| 675 |
|
|
|a 614.8(075.8)
|v 3
|
| 700 |
|
1 |
|a Мастрюков
|b Б. С.
|g Борис Степанович
|
| 801 |
|
1 |
|a RU
|b 63413507
|c 20110428
|
| 801 |
|
2 |
|a RU
|b 63413507
|c 20150527
|g RCR
|
| 900 |
|
|
|a Безопасность жизнедеятельности
|
| 942 |
|
|
|c BK
|
| 952 |
|
|
|b 280000
|
| 959 |
|
|
|a 44/20110427
|d 2
|e 985,00
|f ЧЗТЛ:1
|f АНЛ:1
|